| 000 | 00570nam a2200157 a 4500 | ||
|---|---|---|---|
| 008 | 120416s0000 ||||||||||||||||| || u | ||
| 020 | _a0821317660 | ||
| 050 | _aIBRD(08)LSMS | ||
| 100 | _aVijverberg, Wim P | ||
| 245 | 1 | 0 | _aDual selection criteria with multiple alternatives |
| 246 | _amigration, work status, and wages | ||
| 260 |
_aWashington, D. C. _bWorld Bank _c1991 |
||
| 300 | _avii, 37p. : ill. | ||
| 350 | _a0.00 | ||
| 995 |
_D0.00 _FCBU-MAIN LIBRARY (Kitwe) _H1 _I10.95 _UAVAILABLE _ZInternational Publications |
||
| 999 |
_c40521 _d40521 |
||